Στοιχειώδεις διαφορικές εξισώσεις και προβλήματα συνοριακών τιμών
Αποθηκεύτηκε σε:
| Κύριοι συγγραφείς: | , |
|---|---|
| Άλλοι συγγραφείς: | |
| Μορφή: | Βιβλίο |
| Γλώσσα: | Greek English |
| Δημοσίευση: |
Αθήνα :
Πανεπιστημιακές Εκδόσεις Ε.Μ.Π.,
1999.
|
| Θέματα: | |
| Ετικέτες: |
Προσθήκη ετικέτας
Δεν υπάρχουν, Καταχωρήστε ετικέτα πρώτοι!
|
MARC
| LEADER | 00000cam a2200000 i 4500 | ||
|---|---|---|---|
| 001 | 1/22634 | ||
| 008 | 011016s1999 gr | ||| |||| ||gre|| | ||
| 020 | |a 9602545437 | ||
| 035 | |l 10067514 | ||
| 040 | |a GR-MyUa |b gre |e AACR2 | ||
| 041 | 1 | |a gre |h eng | |
| 082 | 7 | |a 515.35 |2 (22) | |
| 100 | 1 | |a Boyce, William E. | |
| 245 | 1 | 0 | |a Στοιχειώδεις διαφορικές εξισώσεις και προβλήματα συνοριακών τιμών / |c William E. Boyce, Richard C. DiPrima ; μετάφραση Ομάδα Μεταπτυχιακών Φοιτητών Τομέα Μαθηματικών Τ.Ε.Μ.Φ.Ε. Ε.Μ.Π. ; επιστημονική επιμέλεια Θεοφάνης Γραμμένος. |
| 260 | |a Αθήνα : |b Πανεπιστημιακές Εκδόσεις Ε.Μ.Π., |c 1999. | ||
| 300 | |a xx, 840 σ. : |b εικ. ; |c 23 εκ. | ||
| 504 | |a Περιέχει βιβλιογραφικές παραπομπές και ευρετήρια. | ||
| 650 | 0 | |a Differential equations. | |
| 650 | 0 | |a Boundary value problems. | |
| 700 | 1 | |a DiPrima, Richard C. |e aut | |
| 700 | 1 | |a Γραμμένος, Θεοφάνης, |e trl | |
| 765 | 0 | 8 | |i Μετάφραση του: |t Elementary differential equations and boundary value problems / |
| 852 | |a INST |b CHIOS |e 20020401 |h 515.35 BOY |p 005200019862 |q 005200019862 |t BK |y 0 | ||
| 852 | |a INST |b CHIOS |e 20090720 |h 515.35 BOY |p 005200029845 |q 005200029845 |t BK |y 4 |x 20200317 | ||
| 852 | |a INST |b CHIOS |e 20130110 |h 515.35 BOY |p 005200035637 |q 005200035637 |t BK |y 0 | ||
| 852 | |a INST |b CHIOS |c EUDOXUS |e 20111201 |h 515.35 BOY |p 005200033207 |q 005200033207 |t EDX |y 4 |x 20151005 | ||
| 852 | |a INST |b CHIOS |c EUDOXUS |e 20130424 |h 515.35 BOY |p 005200035368 |q 005200035368 |t EDX |y 0 | ||
| 852 | |a INST |b CHIOS |c EUDOXUS |e 20130110 |h 515.35 BOY |p 005200035638 |q 005200035638 |t EDX |y 0 | ||
| 852 | |a INST |b SAMOS |e 20090519 |h 515.35 BOY |p 005300028700 |q 005300045398 |t BK |y 0 | ||
| 852 | |a INST |b SAMOS |e 20090519 |h 515.35 BOY |p 005300028701 |q 005300028701 |t BK |y 23 | ||
| 852 | |a INST |b SAMOS |e 20111010 |h 515.35 BOY |p 005300032443 |q 005300032443 |t BK |y 0 | ||
| 852 | |a INST |b SAMOS |e 20111010 |h 515.35 BOY |p 005300032444 |q 005300032444 |t BK |y 0 | ||
| 852 | |a INST |b SAMOS |e 20150407 |h 515.35 BOY |p 005300042110 |q 005300042110 |t BK |y 0 | ||
| 852 | |a INST |b SAMOS |c EUDOXUS |e 20130109 |h 515.35 BOY |p 005300033507 |q 005300033507 |t EDX |y 0 | ||
| 852 | |a INST |b SAMOS |c EUDOXUS |e 20121030 |h 515.35 BOY |p 005300033572 |q 005300033572 |t EDX |y 0 | ||
| 852 | |a INST |b SYROS |e 20011016 |h 515.35 BOY |p 005500000813 |q 005500000813 |t BK |y 0 | ||
| 852 | |a INST |b SYROS |e 20011016 |h 515.35 BOY |p 005500000814 |q 005500000814 |t BK |y 0 | ||
| 901 | |a BIBL3-2015-1 | ||
| 901 | |a BIBL3-2013-1 | ||
| 901 | |a BIBL3-2012-3 | ||
| 901 | |a BIBL3-2011-3 | ||
| 901 | |a BIBL3-2009-2 | ||
| 901 | |a BIBL5-2001-3 | ||
| 901 | |a BIBL2-2002-1 | ||
| 901 | |a BIBL2-2009-2 | ||
| 901 | |a BIBL2-2011-3 | ||
| 901 | |a BIBL2-2013-1 | ||
| 920 | |a Εύδοξος |b Επιστροφή |y Σάμος |z 2012-10 | ||
| 920 | |a Εύδοξος |b Επιστροφή |y Σάμος |z 2011-09 | ||
| 920 | |a Εύδοξος |b Επιστροφή |y Χίος |z 2011-12 | ||
| 920 | |a Εύδοξος |b Επιστροφή |y Χίος |z 2013-01 | ||
| 920 | |a Εύδοξος |b Επιστροφή |y Χίος |z 2013-04 | ||
| 922 | |a 5ΕΛΗ |b 200108 |c ΕΠΕΑΕΚ2/183 |d Παπασωτηρίου | ||
| 970 | |a Κρητικού |b Θωμαΐς |z 16/10/2001 | ||